Investigacion de mercados: aplicacion de nuevas tecnicas

Uloženo v:
Podrobná bibliografie
Hlavní autoři: Green, Paul E (Autor), Frank, Ronald E (Autor)
Médium: Kniha
Jazyk:španělština
Vydáno: Ciudad de México Limusa 1972
Edice:Guias para el Director de Empresas
Témata:
Tagy: Přidat tag
Žádné tagy, Buďte první, kdo vytvoří štítek k tomuto záznamu!

MARC

LEADER 00000nam a2200000 a 4500
001 UCX4222
003 CL-VaPUC
008 920327e19720000MX |||||||||||||||||spa|d
082 0 4 |a 658.83  |b GRE  |2 21 
100 |a Green, Paul E  |e author  |9 412050 
700 0 |a Frank, Ronald E  |e author  |9 320354 
245 1 0 |a Investigacion de mercados: aplicacion de nuevas tecnicas 
300 |a 208 p 
942 |c BK 
945 |d 19920327 00:00:00 
260 |a Ciudad de México  |b Limusa  |c 1972 
650 7 |a COMERCIALIZACION INVESTIGACIONES  |2 CL-VaPUC  |9 320355 
583 |a last modification  |c 19920327 00:00:00  |k Rodrigo Vera 
490 0 |a Guias para el Director de Empresas 
999 |c 224749  |d 224747 
952 |0 0  |1 0  |4 0  |6 658_830000000000000_GRE_1972  |7 0  |8 A  |9 221683  |a BIBENE  |b BIBENE  |d 2019-11-15  |i 2904993  |o 658.83 GRE 1972  |p 2904993  |r 2025-01-15  |w 2019-11-15  |y BK  |k ICO 
952 |0 0  |1 0  |4 0  |6 658_830000000000000_GRE_1972  |7 0  |8 A  |9 221684  |a BIBENE  |b BIBENE  |d 2019-11-15  |i 1412973  |o 658.83 GRE 1972  |p 1412973  |r 2025-01-15  |w 2019-11-15  |y BK  |k ICO